|
|
|
|
| LEADER |
01304nam a2200325 a 4500 |
| 001 |
c000179048 |
| 003 |
CARM |
| 005 |
19940927000000.0 |
| 008 |
730226s1971 at a b f000 0 eng d |
| 019 |
1 |
|
|a 1628622
|5 LACONCORD2021
|
| 020 |
|
|
|a 0642976651
|c gratis
|
| 035 |
|
|
|a (OCoLC)27514943
|5 LACONCORD2021
|
| 040 |
|
|
|a ANB
|b eng
|c ANB
|d VU
|
| 042 |
|
|
|a anuc
|
| 082 |
0 |
4 |
|a 551.5142
|
| 100 |
1 |
|
|a Rider, C. K.
|
| 245 |
1 |
0 |
|a Clear air turbulence in the Australian stratosphere /
|c by C.K. Rider and M.R. Thomson.
|
| 260 |
|
|
|a Melbourne :
|b Aeronautical Research Laboratories,
|c 1971.
|
| 300 |
|
|
|a 6,[6] leaves :
|b ill., graphs, table ;
|c 30cm.
|
| 490 |
1 |
|
|a Structures and materials note ;
|v 362.
|
| 500 |
|
|
|a Stratosphere. Clear air turbulence. Australia (ANB/PRECIS SIN 60014903x)
|
| 500 |
|
|
|a Limited distribution.
|
| 504 |
|
|
|a Bibliography: p.5.
|
| 650 |
|
0 |
|a Atmospheric turbulence.
|
| 650 |
|
0 |
|a Stratosphere.
|
| 700 |
1 |
|
|a Thomson, M.R,
|e joint author.
|
| 810 |
2 |
|
|a Aeronautical Research Laboratories (Australia)
|t Structures and materials note ;
|v 362.
|
| 852 |
8 |
|
|b CARM
|h A3:AE09C0
|i D07061
|p 0238003
|f BK
|
| 999 |
f |
f |
|i 0beb4599-dcf0-5bf7-90d7-acbd17e68c33
|s 4ded91c7-6818-5cb7-9e0b-d9290131de6f
|
| 952 |
f |
f |
|p Can circulate
|a CAVAL
|b CAVAL
|c CAVAL
|d CARM 1 Store
|e D07061
|f A3:AE09C0
|h Other scheme
|i book
|m 0238003
|